Eastern Utah Libraries Catalog: Duchesne, Heber, Roosevelt, & Vernal

A clash of kings / (Record no. 84898)

MARC details
000 -LEADER
fixed length control field 01543cam a2200397 a 4500
001 - CONTROL NUMBER
control field 1671887
005 - DATE AND TIME OF LATEST TRANSACTION
control field 20241220132458.0
008 - FIXED-LENGTH DATA ELEMENTS--GENERAL INFORMATION
fixed length control field 980722s1999 nyua 000 1 eng
010 ## - LIBRARY OF CONGRESS CONTROL NUMBER
LC control number 98037954
020 ## - INTERNATIONAL STANDARD BOOK NUMBER
International Standard Book Number 0553108034
020 ## - INTERNATIONAL STANDARD BOOK NUMBER
International Standard Book Number 9780553579901
040 ## - CATALOGING SOURCE
Original cataloging agency DLC
Transcribing agency DLC
Modifying agency DLC
-- OCoLC
-- DLC
Description conventions rda
050 00 - LIBRARY OF CONGRESS CALL NUMBER
Classification number PS3563.A7239
Item number C58 1999
082 00 - DEWEY DECIMAL CLASSIFICATION NUMBER
Classification number 813/.54
Edition number 21
092 ## - LOCALLY ASSIGNED DEWEY CALL NUMBER (OCLC)
Classification number MARTIN
100 1# - MAIN ENTRY--PERSONAL NAME
Personal name Martin, George R. R.
9 (RLIN) 13755
245 12 - TITLE STATEMENT
Title A clash of kings /
Statement of responsibility, etc George R.R. Martin.
260 ## - PUBLICATION, DISTRIBUTION, ETC. (IMPRINT)
Place of publication, distribution, etc New York :
Name of publisher, distributor, etc Bantam Books,
Date of publication, distribution, etc 1999.
264 ## - Production, Publication, Distribution, Manufacture, and Copyright Notice.
Place of production, publication, distribution, manufacture New York
Name of producer, publisher, distributor, manufacturer Bantam Books
Date of production, publication, distribution, manufacture, or copyr 1999
300 ## - PHYSICAL DESCRIPTION
Extent 761 p. :
Other physical details ill. ;
Dimensions 25 cm.
336 ## - Content Type
Content type term text
337 ## - Media type
Media type term unmediated
338 ## - Carrier type
Carrier type term volume
490 12 - SERIES STATEMENT
Series statement A song of ice and fire ;
Volume number/sequential designation bk. 2
500 ## - GENERAL NOTE
General note Sequel to: A game of thrones.
500 ## - GENERAL NOTE
General note Includes two maps of the territory of A clash of kings on endpapers.
655 #7 - INDEX TERM--GENRE/FORM
Genre/form data or focus term Fantasy fiction.
Source of term gsafd
9 (RLIN) 6236332
800 1# - SERIES ADDED ENTRY--PERSONAL NAME
Personal name Martin, George R. R.
Title of a work Song of ice and fire ;
Volume/sequential designation bk. 2.
9 (RLIN) 43409
856 42 - ELECTRONIC LOCATION AND ACCESS
Materials specified Contributor biographical information
Uniform Resource Identifier <a href="http://www.loc.gov/catdir/bios/random058/98037954.html">http://www.loc.gov/catdir/bios/random058/98037954.html</a>
856 41 - ELECTRONIC LOCATION AND ACCESS
Materials specified Sample text
Uniform Resource Identifier <a href="http://www.loc.gov/catdir/samples/random051/98037954.html">http://www.loc.gov/catdir/samples/random051/98037954.html</a>
856 42 - ELECTRONIC LOCATION AND ACCESS
Materials specified Publisher description
Uniform Resource Identifier <a href="http://www.loc.gov/catdir/description/random0414/98037954.html">http://www.loc.gov/catdir/description/random0414/98037954.html</a>
906 ## - LOCAL DATA ELEMENT F, LDF (RLIN)
a 7
b cbc
c orignew
d 1
e ocip
f 19
g y-gencatlg
942 ## - ADDED ENTRY ELEMENTS (KOHA)
Koha item type BOOK
Source of classification or shelving scheme Dewey Decimal Classification
Holdings
Withdrawn status Lost status Source of classification or shelving scheme Damaged status Not for loan Collection code Home library Current library Shelving location Date acquired Source of acquisition Cost, normal purchase price Total Checkouts Total Renewals Full call number Barcode Date last seen Date checked out Cost, replacement price Price effective from Koha item type
    Dewey Decimal Classification     Fiction Wasatch County Library Wasatch County Library First Floor 04/07/2015 Donation 9.99 22 5 F Martin 34301002023804 02/16/2024 09/28/2022 9.99 03/20/2020 BOOK
    Dewey Decimal Classification     Fiction Wasatch County Library Wasatch County Library First Floor 12/20/2018 Amazon 35.00 11 6 F Martin 34301001621517 10/13/2024 09/26/2024 35.00 03/20/2020 BOOK
This project was made possible through a grant from the Institute of Museum and Library Service administered by the Utah State Library Division.

Wasatch County Library

  • 465 East 1200 South, Heber City, Utah 84032
  • Phone 435-654-1511 | Fax 435-654-6456

Hours

  • Monday - Friday 9:30 AM - 8:00 PM
  • Saturday 9:30 AM - 1:30 PM
  • Closed Sundays and Holidays